000 00540nam a2200181 i 4500
001 46293
003 ES-MaACL
005 20230906161346.0
007 t|
008 030328s1964 sp ||||1| spa d
245 0 3 _aEl concilio visto por los obispos españoles Mons. Cirarda, Mons. González...
260 _aMadrid :
_bEuramérica,
_c1964.
300 _aVII, 155 p. ;
_c19 cm.
490 1 _aColección concilio ;
_v5
830 0 _aColección concilio ;
_v5
_9182093
852 _aES-MaACL
_jC-26923
_bR.55475
999 _c46293
_d46293